Online Catalogue and eLibrary

Nation and identity / (Record no. 459)

MARC details
000 -LEADER
fixed length control field 00653cam a22002414a 4500
001 - CONTROL NUMBER
control field 4994935
005 - DATE AND TIME OF LATEST TRANSACTION
control field 20240221061017.0
008 - FIXED-LENGTH DATA ELEMENTS--GENERAL INFORMATION
fixed length control field 990322s1999 enk b 001 0 eng
020 ## - INTERNATIONAL STANDARD BOOK NUMBER
ISBN 0415126223 (hbk)
020 ## - INTERNATIONAL STANDARD BOOK NUMBER
ISBN 0415126231 (pbk)
040 ## - CATALOGING SOURCE (பட்டியலாக்க மூலம்)
Original cataloging agency DLC
Transcribing agency DLC
Modifying agency DLC
082 00 - DDC Classification
Class No. 320.54
DDC Edition Number 21
Item Number - Author Mark NAT.
100 1# - MAIN ENTRY--PERSONAL NAME
Personal name Poole, Ross,
245 10 - TITLE STATEMENT
Title Nation and identity /
Statement of responsibility, etc. Ross Poole.
260 ## - PUBLICATION, DISTRIBUTION, ETC.
Place of publication, distribution, etc. London ;
-- New York :
Name of publisher, distributor, etc. Routledge,
Date of publication, distribution, etc. 1999.
300 ## - PHYSICAL DESCRIPTION
Extent (e.g. Volumes, Pages etc.) xi, 209 p. ;
490 1# - SERIES STATEMENT
Series statement Ideas
650 #0 - SUBJECT ADDED ENTRY--TOPICAL TERM
Topical term or geographic name entry element Nationalism.
650 #0 - SUBJECT ADDED ENTRY--TOPICAL TERM
Topical term or geographic name entry element Liberty.
650 #0 - SUBJECT ADDED ENTRY--TOPICAL TERM
Topical term or geographic name entry element Multiculturalism.
856 42 - ELECTRONIC LOCATION AND ACCESS
Uniform Resource Identifier <a href="http://www.loc.gov/catdir/enhancements/fy0649/99023022-d.html">http://www.loc.gov/catdir/enhancements/fy0649/99023022-d.html</a>
942 ## - Koha item type (Biblio)
Koha item type Books in Stacks (Lending)
Holdings
Lost status Damaged status Collection code Home library Current library Date acquired Full call number Accession Number Item type
    Lending WERC Library WERC Library 02/21/2024 320.54 NAT. 4249 Books in Stacks (Lending)

© WERC Library